| 000 | 02942nam0a2200409 4500 | ||
|---|---|---|---|
| 001 | RU\NLR\bibl\1345367 | ||
| 005 | 20260405174806.0 | ||
| 010 |
_a978-5-901675-85-4 _bв пер. _9200 |
||
| 021 |
_aRU _b2009-5020 _9285 |
||
| 035 | _a(nilc)RSL-KNO-004242793 | ||
| 035 | _a(NLR Aleph) 001330501 | ||
| 090 |
_a797269 _c797269 |
||
| 100 | _a20090225d2008 |||y0rusy50 ca | ||
| 101 | 0 | _arus | |
| 102 | _aRU | ||
| 105 | _aa zzzz||||| | ||
| 200 | 1 |
_aВысшие линейные a-олефины и сополимеры этилена на их основе. Производство и применение _fПлаксунов Т. К., Белов Г. П., Потапов С. С. _gРоссийская акад. наук, Ин-т проблем хим. физики РАН |
|
| 210 |
_aЧерноголовка (Московская обл.) _cИПХФ РАН _d2008 |
||
| 215 |
_a293 с. _cил., табл. _d22 |
||
| 320 | _aБиблиогр. в конце гл. | ||
| 606 | 1 |
_aЭтиленовые углеводороды _9920710 _3RU\NLR\auth\6618539 |
|
| 606 | 1 |
_aЭтилен _xСополимеризация с альфа-олефинами _92551160 _3RU\NLR\auth\661509598 |
|
| 610 | 0 | _aХимическая технология. Химические производства -- Технология органических веществ -- Основной органический синтез (тяжелый органический синтез) -- Синтез ациклических соединений -- Ациклические углеводороды -- Углеводороды непредельные -- Углеводороды с двойными связями -- Олефины | |
| 610 | 0 | _aХимическая технология. Химические производства -- Технология органических веществ -- Высокомолекулярные соединения (полимеры) и пластмассы -- Карбоцепные полимеры и пластмассы на их основе -- Пластмассы на основе полимеров непредельных углеводородов -- Полиолефины -- Полиэтилен (политен) -- Сополимеры этилена | |
| 686 |
_aЛ614.121.1,0 _2rubbk |
||
| 686 |
_aЛ712.111.8,0 _2rubbk |
||
| 686 | _aЛ712.11 | ||
| 700 | 1 |
_4070 _8rus _7ca _aПлаксунов _bТ. К. _3RU\NLR\AUTH\7775957 _958885 |
|
| 701 | 1 |
_4070 _8rus _7ca _aБелов _bГ. П. _cд-р хим. наук _gГеннадий Петрович _3RU\NLR\AUTH\7775958 _958886 |
|
| 701 | 1 |
_4070 _8rus _7ca _aПотапов _bС. С. _cканд. хим. наук _gСергей Сергеевич _3RU\NLR\AUTH\7717463 _9550 |
|
| 801 | 0 |
_aRU _bРКП _c20090225 _grcr |
|
| 801 | 1 |
_aRU _bРГБ _c20090225 |
|
| 801 | 2 |
_aRU _bNLR _c20090324 _grcr |
|
| 942 | _cBOOK | ||
| 980 | _aNB | ||